Outline of South Indian history (Record no. 57822)
[ view plain ]
| 000 -LEADER | |
|---|---|
| fixed length control field | 00382nam a22001691a 4500 |
| 020 ## - INTERNATIONAL STANDARD BOOK NUMBER | |
| International Standard Book Number | 9780706903782 |
| 041 ## - LANGUAGE CODE | |
| Language code of text/sound track or separate title | English |
| 082 ## - DEWEY DECIMAL CLASSIFICATION NUMBER | |
| Classification number | 954 |
| Cutter number | V25 |
| 100 ## - MAIN ENTRY--PERSONAL NAME | |
| Personal name | Venkata Ramanappa, M. N. |
| 245 ## - TITLE STATEMENT | |
| Title | Outline of South Indian history |
| 250 ## - EDITION STATEMENT | |
| Edition statement | 2nd rev. ed. |
| 260 ## - PUBLICATION, DISTRIBUTION, ETC. | |
| Place of publication, distribution, etc. | New Delhi |
| Name of publisher, distributor, etc. | Vikas |
| Date of publication, distribution, etc. | 1975 |
| 300 ## - PHYSICAL DESCRIPTION | |
| Extent (Pages) | 7, 267p. |
| 650 ## - SUBJECT ADDED ENTRY--TOPICAL TERM | |
| Topical term or geographic name entry element | HISTORY |
| 650 ## - SUBJECT ADDED ENTRY--TOPICAL TERM | |
| Topical term or geographic name entry element | INDIA |
| 942 ## - ADDED ENTRY ELEMENTS (KOHA) | |
| Koha item type | Reference Books |
| Source of classification or shelving scheme | Dewey Decimal Classification |
| 945 ## - LOCAL PROCESSING INFORMATION (OCLC) | |
| creator borrowernumber | 1 |
| creator name | Admin Admin |
| modifier borrowernumber | 1 |
| modifier name | Admin Admin |
| Withdrawn status | Lost status | Damaged status | Not for loan | Collection code | Home library | Current library | Shelving location | Date acquired | Inventory number | Total Checkouts | Full call number | Barcode | Date last seen | Price effective from | Koha item type |
|---|---|---|---|---|---|---|---|---|---|---|---|---|---|---|---|
| Reference Collection | Main Library | Main Library | Reference Section (3rd FLOOR) | 10/03/2003 | 377266 | 954 V25 | 377266 | 18/07/2022 | 18/07/2022 | Reference Books |
